The Tomb of Iouiya and Touiyou: The Finding of the Tomb, by Theodore M. Davis. Notes on Iouiya and Touiyou, by Gaston Maspero. Description of the objects found in the tomb, by Percy E. Newbweey. Illustration of the objects, by Howard Carter/
محفوظ في:
المؤلف الرئيسي:
التنسيق: كتاب
اللغة: Undetermined
منشور في:
London :
Duck Worth,
2000.
سلاسل:
Excavation 3
الوسوم: إضافة وسم
لا توجد وسوم, كن أول من يضع وسما على هذه التسجيلة!
رقم الطلب: DT62 .T6 D32 v.3 2000
| LEADER | 00962nam a2200181Ia 4500 | ||
|---|---|---|---|
| 008 | 211223s9999||||xx |||||||||||||| ||und|| | ||
| 050 | 4 | |a DT62 .T6 D32 v.3 2000 | |
| 100 | 1 | |a Davis, Theodore M. |e author. | |
| 245 | 1 | 4 | |a The Tomb of Iouiya and Touiyou: |b The Finding of the Tomb, by Theodore M. Davis. Notes on Iouiya and Touiyou, by Gaston Maspero. Description of the objects found in the tomb, by Percy E. Newbweey. Illustration of the objects, by Howard Carter/ |c TheodoreM. Davis. |
| 264 | 1 | |a London : |b Duck Worth, |c 2000. | |
| 300 | |a XXX p., 1 I., 48 p.: |b Illus. (incl. plan) XLIV (i.e 45) pl., (part col., incl. front Facsim); |c 36 | ||
| 336 | |a text |b txt |2 rdacontent | ||
| 337 | |a unmediated |b n |2 rdamedia | ||
| 338 | |a volume |b nc |2 rdacarrier | ||
| 490 | 0 | |a Excavation 3 | |
| 942 | |2 lcc |c BK | ||
| 952 | |0 0 |1 0 |2 lcc |4 0 |6 DT0062 T6 D32 V.00003 02000 |7 1 |9 31688 |a ARCE |b ARCE |d 2022-01-25 |l 0 |o DT62 .T6 D32 v.3 2000 |p 1003436 |r 2022-01-25 00:00:00 |w 2022-01-25 |y BK | ||
| 999 | |c 40915 |d 40915 | ||
